Fire pump handbook
Сохранить в:
| Корпоративные авторы: | , |
|---|---|
| Другие авторы: | , |
| Формат: | |
| Опубликовано: |
Quincy, Mass. : National Fire Protection Association
1998
|
| Редактирование: | 1 |
| Предметы: | |
| Метки: |
Добавить метку
Нет меток, Требуется 1-ая метка записи!
|
MARC
| LEADER | 00000nam a2200000Ia 4500 | ||
|---|---|---|---|
| 003 | 000038 | ||
| 005 | 20221231144017.0 | ||
| 008 | 140114s1998 ma a 000 ||e d | ||
| 040 | |c cru CEDI | ||
| 082 | |a 628.92 F523f | ||
| 245 | |a Fire pump handbook | ||
| 250 | |a 1 | ||
| 260 | |a Quincy, Mass. : National Fire Protection Association |c 1998 | ||
| 300 | |a x, 486 p. : ilustraciones | ||
| 500 | |a "Based on the 1996 edition of NFPA 20 Standard for the installation of centrifugal fire pumps and the 1998 edition of NFPA 25 Standard for the inspection, testing, and maintenance of water-based fire protection systems"- | ||
| 650 | |x BOMBAS CONTRA INCENDIOS |x BOMBAS CONTRA INCENDIOS-MANUALES |x BOMBAS CONTRA INCENDIOS- NORMAS |9 18759 | ||
| 700 | |9 18748 |a Puchovsky, Milosh T. |d Editor | ||
| 700 | |9 18757 |a Isman, Kenneth E. |d Editor | ||
| 710 | |9 18730 |a National Fire Protection Association (Estados Unidos) | ||
| 710 | |9 18758 |a National Fire Sprinkler Association. | ||
| 942 | |2 ddc |c BK | ||
| 999 | |c 15593 |d 15593 | ||
